000 00606nam a2200253Ia 4500
005 20260121114250.0
008 008 260114s9999 xx 000 0 eng d
020 _a9781119495048
037 _aEBOOK
040 _aCRL
040 _beng
040 _cCRL
041 _2eng
041 _aeng
084 _qCRL
100 _aGeorge Omura
_9972861
245 0 _aMastering AutoCAD 2019 and AutoCAD LT 2019
260 _bWiley
260 _c2018
856 _uhttps://onlinelibrary.wiley.com/doi/book/10.1002/9781119495048
942 _cEBOOK
999 _c1552115
_d1552115